Biology / (Record no. 11521)

000 -LEADER
fixed length control field 00396cam a2200169Ia 4500
020 ## - INTERNATIONAL STANDARD BOOK NUMBER
ISBN 0697150976
040 ## - CATALOGING SOURCE
Transcribing agency TWV
082 ## - DEWEY DECIMAL CLASSIFICATION NUMBER
Classification number 570 W.C.B 1993 A029 Or.
100 1# - MAIN ENTRY--AUTHOR NAME
Personal name Mader, Sylvia S
245 10 - TITLE STATEMENT
Title Biology /
250 ## - EDITION STATEMENT
Edition statement 4th ed
260 ## - PUBLICATION, DISTRIBUTION, ETC. (IMPRINT)
Place of publication Dubuque, Iowa :
Name of publisher W. C. Brown,
Year of publication c1993
300 ## - PHYSICAL DESCRIPTION
Number of Pages 6 pts. :
Other physical details ill. (some col.) ;
Dimensions 28 cm
650 #0 - SUBJECT ADDED ENTRY--TOPICAL TERM
Topical Term Biology
650 #0 - SUBJECT ADDED ENTRY--TOPICAL TERM
Topical Term Biology
942 ## - ADDED ENTRY ELEMENTS (KOHA)
Koha item type សៀវភៅភាសាអង់គ្លេស
952 ## - LOCATION AND ITEM INFORMATION (KOHA)
Withdrawn status [LOCAL, KOHA] 0
Holdings
Permanent Location Date acquired Koha item type Lost status Shelving location Barcode Current Location Full call number
Library Block A2017-08-03សៀវភៅភាសាអង់គ្លេស A029A11734Library Block A570 W.C.B 1993 A029 Or.
មជ្ឈមណ្ឌលឯការនៃសាកលវិទ្យាល័យភូមិន្ទកសិកម្មចំការដូង

Powered by Koha